Reverberaciones : estudios sobre las músicas populares en Colombia en el marco de la IASPM-AL 2020 /

Detalles Bibliográficos
Autores principales: Tobón Restrepo, Alejandro (Autor, Editor), Arango Melo, Ana María (Autor)
Otros Autores: Santamaría-Delgado, Carolina (Editor), Gil Araque, Fernando (Editor)
Formato: Electrónico eBook
Lenguaje:español
Publicado: Santiago de Cali : [Medellín] : Pontificia Universidad Javeriana ; Universidad de Antioquia : Editorial EAFIT : Instituto Tecnológico Metropolitano de Medellín, Fondo Editorial ITM, 2023.
Colección:Culturas musicales en Colombia.
Materias:
Acceso en línea:Digitalia Hispánica

MARC

LEADER 00000nam a2200000Ii 4500
001 DIGEPUJ0444
003 NyNyDIG
006 m o d
007 cr |||||||||||
008 240506s2023 ck a ob 000 0 spa d
035 |a (OCoLC)1427684833 
040 |a DGITA  |b eng  |e rda  |e pn  |c DGITA 
020 |a 9786287618688  |q pdf 
020 |a 9786287618671  |q eBook 
020 |z 9786287618664 
043 |a s-ck--- 
050 1 4 |a ML420.V48 ebook 
082 0 4 |a 781.6309861  |2 23 
245 0 0 |a Reverberaciones :  |b estudios sobre las músicas populares en Colombia en el marco de la IASPM-AL 2020 /  |c Alejandro Tobón Restrepo, Carolina Santamaría-Delgado, Fernando Gil Araque (editores) ; autores, Ana María Arango Melo [and 22 others]. 
246 3 0 |a Estudios sobre las músicas populares en Colombia en el marco de la IASPM-AL 2020 
264 1 |a Santiago de Cali :  |b Pontificia Universidad Javeriana ;  |a [Medellín] :  |b Universidad de Antioquia :  |b Editorial EAFIT :  |b Instituto Tecnológico Metropolitano de Medellín, Fondo Editorial ITM,  |c 2023. 
300 |a 1 online resource :  |b illustrations. 
336 |a text  |b txt  |2 rdacontent 
337 |a computer  |b c  |2 rdamedia 
338 |a online resource  |b cr  |2 rdacarrier 
347 |a text file  |2 rdaft 
347 |b PDF 
490 1 |a Culturas musicales en Colombia 
504 |a Includes bibliographical references. 
588 0 |a Online resource; title from PDF title page (Digitalia, viewed May 6, 2024) 
650 0 |a Popular music  |z Colombia. 
650 0 |a Group identity  |z Colombia. 
650 0 |a Music  |x Social aspects  |z Colombia. 
650 0 |a National music  |z Colombia  |x History and criticism. 
650 0 |a Music, Influence of  |z Colombia. 
700 1 |a Tobón Restrepo, Alejandro,  |e editor,  |e author. 
700 1 |a Santamaría-Delgado, Carolina,  |e editor. 
700 1 |a Gil Araque, Fernando,  |e editor. 
700 1 |a Arango Melo, Ana María,  |e author. 
791 2 |a Digitalia (Firm),  |e distributor. 
793 0 |g Digitalia eBook Collection:  |a Pontificia Universidad Javeriana 
776 0 8 |i Print version:  |t Reverberaciones.  |d Santiago de Cali : Pontificia Universidad Javeriana ; [Medellín] : Universidad de Antioquia : Editorial EAFIT : Instituto Tecnológico Metropolitano de Medellín, Fondo Editorial ITM, 2023  |z 9786287618664 
830 0 |a Culturas musicales en Colombia. 
856 4 0 |3 Digitalia Hispánica  |u https://www.digitaliapublishing.com/a/144141/ 
910 |a Premium collection: 2024